Operations research, mathematics and models /

Bibliographic Details
Corporate Authors: American Mathematical Society Short Course, Operations Research: Mathematics and Models Duluth, Minn., American Mathematical Society
Other Authors: Gass, Saul I.
Format: Conference Proceeding Book
Language:English
Published: Providence, R.I. : American Mathematical Society, 1981.
Series:Proceedings of symposia in applied mathematics ; v. 25.
Subjects:

MARC

Tag First Indicator Second Indicator Subfields
LEADER 00000pam a2200000 a 4500
001 in00000074737
005 20151008054749.0
008 810616s1981 riuab b 10010 eng
010 |a  81010849  
020 |a 0821800299 
035 |a (OCoLC)07574189 
035 |9 AAJ1609AM 
039 0 |a 2  |b 3  |c 3  |d 3  |e 3 
040 |a DLC  |c DLC  |d TXA  |d UtOrBLW 
049 |a TXAM  |c [1442227] 
050 0 0 |a T57.6  |b .A47 1979 
082 0 |a 001.4/24  |2 19 
111 2 |a American Mathematical Society Short Course, Operations Research: Mathematics and Models  |d (1979 :  |c Duluth, Minn.) 
245 1 0 |a Operations research, mathematics and models /  |c [edited by Saul I. Gass]. 
264 1 |a Providence, R.I. :  |b American Mathematical Society,  |c 1981. 
300 |a x, 198 pages :  |b illustrations, maps ;  |c 27 cm. 
336 |a text  |b txt  |2 rdacontent 
337 |a unmediated  |b n  |2 rdamedia 
338 |a volume  |b nc  |2 rdacarrier 
490 1 |a Proceedings of symposia in applied mathematics,  |x 0160-7634 ;  |v v. 25 
500 |a "Lecture notes prepared for the American Mathematical Society Short Course, Operations Research: Mathematics and Models held in Duluth, Minnesota, August 19-20, 1979"--Title page verso. 
504 |a Includes bibliographies. 
650 0 |a Operations research. 
700 1 |a Gass, Saul I. 
710 2 |a American Mathematical Society. 
830 0 |a Proceedings of symposia in applied mathematics ;  |v v. 25. 
999 |a MARS 
999 f f |s e27cccc4-8a2a-3d25-a382-43dfce60e601  |i 94432b73-465f-3c7f-918f-5e3bb0419fbb  |t 0 
952 f f |p ric  |a Texas A&M University  |b Rellis Campus  |c Joint Library Facility  |d Remote Storage  |t 0  |e T57.6 .A47 1979  |h Library of Congress classification  |i unmediated -- volume  |m A14806240281 
998 f f |a T57.6 .A47 1979  |t 0  |l Remote Storage